<?xml version="1.0" encoding="UTF-8"?>
<record
    xmlns:xsi="http://www.w3.org/2001/XMLSchema-instance"
    xsi:schemaLocation="http://www.loc.gov/MARC21/slim http://www.loc.gov/standards/marcxml/schema/MARC21slim.xsd"
    xmlns="http://www.loc.gov/MARC21/slim">

  <leader>00216nam a22001097a 4500</leader>
  <datafield tag="040" ind1=" " ind2=" ">
    <subfield code="c">HS</subfield>
  </datafield>
  <datafield tag="082" ind1=" " ind2=" ">
    <subfield code="a">428</subfield>
  </datafield>
  <datafield tag="100" ind1=" " ind2=" ">
    <subfield code="a">JOHN SYDES</subfield>
  </datafield>
  <datafield tag="245" ind1=" " ind2=" ">
    <subfield code="a">Tech Talk</subfield>
  </datafield>
  <datafield tag="260" ind1=" " ind2=" ">
    <subfield code="a">Oxford university</subfield>
    <subfield code="b">JOHN SYDES</subfield>
    <subfield code="c">2010</subfield>
  </datafield>
  <datafield tag="942" ind1=" " ind2=" ">
    <subfield code="c">EK</subfield>
  </datafield>
  <datafield tag="999" ind1=" " ind2=" ">
    <subfield code="c">8466</subfield>
    <subfield code="d">8466</subfield>
  </datafield>
  <datafield tag="952" ind1=" " ind2=" ">
    <subfield code="0">0</subfield>
    <subfield code="1">0</subfield>
    <subfield code="4">0</subfield>
    <subfield code="6">428_000000000000000_JOH_NA_C185_OR_1</subfield>
    <subfield code="7">0</subfield>
    <subfield code="9">48486</subfield>
    <subfield code="a">LBC</subfield>
    <subfield code="b">LBC</subfield>
    <subfield code="c">C185</subfield>
    <subfield code="d">2016-08-02</subfield>
    <subfield code="o">428  JOH  NA C185 Or.1</subfield>
    <subfield code="p">RUA045464</subfield>
    <subfield code="r">2016-08-02</subfield>
    <subfield code="y">EK</subfield>
  </datafield>
  <datafield tag="952" ind1=" " ind2=" ">
    <subfield code="0">0</subfield>
    <subfield code="1">0</subfield>
    <subfield code="4">0</subfield>
    <subfield code="6">428_000000000000000_JOH_NA_C185_OR_2</subfield>
    <subfield code="7">0</subfield>
    <subfield code="9">48487</subfield>
    <subfield code="a">LBC</subfield>
    <subfield code="b">LBC</subfield>
    <subfield code="c">C185</subfield>
    <subfield code="d">2016-08-02</subfield>
    <subfield code="o">428  JOH  NA C185 Or.2</subfield>
    <subfield code="p">RUA045494</subfield>
    <subfield code="r">2016-08-02</subfield>
    <subfield code="y">EK</subfield>
  </datafield>
  <datafield tag="952" ind1=" " ind2=" ">
    <subfield code="0">0</subfield>
    <subfield code="1">0</subfield>
    <subfield code="4">0</subfield>
    <subfield code="6">428_000000000000000_JOH_2010_C185_OR_3</subfield>
    <subfield code="7">0</subfield>
    <subfield code="9">48489</subfield>
    <subfield code="a">LBC</subfield>
    <subfield code="b">LBC</subfield>
    <subfield code="c">C185</subfield>
    <subfield code="d">2016-08-02</subfield>
    <subfield code="o">428 JOH 2010 C185 OR.3</subfield>
    <subfield code="p">rua045349</subfield>
    <subfield code="r">2016-08-02</subfield>
    <subfield code="y">EK</subfield>
  </datafield>
  <datafield tag="952" ind1=" " ind2=" ">
    <subfield code="0">0</subfield>
    <subfield code="1">0</subfield>
    <subfield code="4">0</subfield>
    <subfield code="6">428_000000000000000_JOH_NA_C141</subfield>
    <subfield code="7">0</subfield>
    <subfield code="9">48490</subfield>
    <subfield code="a">LBC</subfield>
    <subfield code="b">LBC</subfield>
    <subfield code="c">C141</subfield>
    <subfield code="d">2016-08-02</subfield>
    <subfield code="o">428  JOH  NA C141</subfield>
    <subfield code="p">RUA045779</subfield>
    <subfield code="r">2016-08-02</subfield>
    <subfield code="y">EK</subfield>
  </datafield>
</record>
